| 000 | 00985nam a2200241 a 4500 | ||
|---|---|---|---|
| 001 | 000026002 | ||
| 005 | 20200930024223.0 | ||
| 008 | 110225s2007 dr r 000 0 spa d | ||
| 040 |
_aDO-SdBNP _bspa _cBNPHU |
||
| 082 |
_a341.484 _bM491d |
||
| 100 | 1 |
_aMedina, Roberto _922839 |
|
| 245 | 1 | 0 |
_aDerecho internacional privado : _blas regularizaciones de status de los extranjeros en la República Dominicana / _cRoberto Medina. |
| 260 |
_aSanto Domingo : _bEditora Computher, _c2007. |
||
| 300 |
_a472 p. ; _c29 cm. |
||
| 504 | _aBibliofrafía : p. 466-472 | ||
| 590 | _aLa biblioteca posee un ejemplar autografiado por el autor | ||
| 590 | _aInventariado, 2018/BT | ||
| 650 | 4 |
_aDerecho internacional privado _zRepública Dominicana _98603 |
|
| 650 | 4 |
_aProcedimiento civil (derecho internacional) _zRepública Dominicana _952907 |
|
| 650 | 4 |
_aExtranjeros _xLegislación _952908 |
|
| 650 | 4 |
_aExtranjeros _zRepública Dominicana _952909 |
|
| 910 | _aValidado. Control de calidad. MMOLINA | ||
| 999 |
_c25494 _d25494 |
||